|
|
|
|
| LEADER |
00000cam a2200000 7i4500 |
| 001 |
0000000511 |
| 005 |
20000824.0 |
| 090 |
0 |
0 |
|a 338.17498595
|b MEN 1973
|
| 100 |
1 |
0 |
|a MENON
|h P. K. Balan
|
| 245 |
1 |
0 |
|a Siliceous timbers of Malaya
|c P. K. Balan Menon
|
| 260 |
0 |
0 |
|a Kuala Lumpur :
|b Ministry of Agriculture ,
|c 1973
|
| 300 |
|
|
|a 55 p. :
|b ill. ;
|c 25 cm.
|
| 440 |
0 |
0 |
|a Malayan forest records; n.19
|
| 650 |
0 |
0 |
|a Timber
|z Malaysia
|
| 650 |
0 |
0 |
|a Trees
|z Malaysia
|
| 999 |
|
|
|a 0000001403
|b Monograph
|c Open Shelf
|e Default branch
|
| 999 |
|
|
|a 0000001645
|b Monograph
|c Reference
|e Default branch
|
| 999 |
|
|
|a 0000001646
|b Monograph
|c Open Shelf
|e Default branch
|
| 999 |
|
|
|a 0000001648
|b Monograph
|c Open Shelf
|e Default branch
|